Normal view
MARC view
- Faram, Chris
Entry Personal Name
001 - CONTROL NUMBER
- control field: 113186
003 - CONTROL NUMBER IDENTIFIER
- control field: NUST
005 - DATE AND TIME OF LATEST TRANSACTION
- control field: 20230621082303.0
008 - FIXED-LENGTH DATA ELEMENTS
- fixed length control field: 230621|| aca||aabn | a|a d
040 ## - CATALOGING SOURCE
- Original cataloging agency: NUST
- Transcribing agency: NUST
100 ## - HEADING--PERSONAL NAME
- Personal name: Faram, Chris
670 ## - SOURCE DATA FOUND
- Source citation: Work cat.: (NUST)175669: Norman, Susan 113185, Going to work in English, 1982
